Giáo trình Môđun & đại số

Kaydedildi:
Detaylı Bibliyografya
Yazar: Nguyễn Xuân Tuyến (Tác giả)
Materyal Türü: Kitap
Dil:Vietnamese
Baskı/Yayın Bilgisi: H. Giáo dục 1999
Konular:
Etiketler: Etiketle
Etiket eklenmemiş, İlk siz ekleyin!
Thư viện lưu trữ: Mạng thư viện Đại học Đà Nẵng
LEADER 01049nam a2200337 4500
001 000010202
003 6402
005 20120306090346.0
008 111123s1999 viesd
020 |c 7000đ 
041 0 |a vie 
082 |a 512.071  |b NG-T 
100 0 |a Nguyễn Xuân Tuyến 
245 0 |a Giáo trình Môđun & đại số  |c Nguyễn Xuân Tuyến 
260 |a H.  |b Giáo dục  |c 1999 
300 |a 127tr  |c 21cm 
504 |a Thư mục. tr:125 
653 |a Giáo trình 
653 |a môđun 
653 |a đại số 
700 |a Nguyễn Xuân Tuyến  |e Tác giả 
OWN |a LSP 
AVA |a UDN50  |b LSP  |d 512.071 NG-T  |e available  |t Error 5001 Not defined in file expand_doc_bib_avail.  |f 4  |g 0  |h N  |i 0  |k 1 
999 |a From the UDN01 
AVA |a UDN50  |b LSP  |d 512.071 NG-T  |e available  |t Error 5001 Not defined in file expand_doc_bib_avail.  |f 4  |g 0  |h N  |i 0  |k 1 
TYP |a Monograph 
TYP |a Printed language 
980 |a Mạng thư viện Đại học Đà Nẵng